| 000 | 01270nam0a2200313 4500 | ||
|---|---|---|---|
| 001 | RU\NLR\bibl\1314740 | ||
| 005 | 20260406150214.0 | ||
| 010 |
_a978-5-17-053117-2 _bАСТ |
||
| 010 |
_a978-5-9713-9108-1 _bАСТ Москва _910000 |
||
| 021 |
_aRU _b2008-90536 _95288 |
||
| 035 | _a(NLR Aleph) 001300136 | ||
| 090 |
_a613972 _c613972 |
||
| 100 | _a20090114d2008 |||y0rusy50 ca | ||
| 101 | 1 |
_arus _cper |
|
| 102 | _aRU | ||
| 105 | _aa ||||||||| | ||
| 200 | 1 |
_aКогда песню любви запоют соловьи... _e[рубайат] _fОмар Хайам _g[пер. с перс. и предисл. Г. Плисецкого _gпослесл. Д. Плисецкого] |
|
| 210 |
_aМосква _cАСТ _cАСТ Москва _d2008 |
||
| 215 |
_a221, [1] с. _cил. _d18 |
||
| 225 | 1 | _aКлассика | |
| 686 | _aШ5(0)952.314-4Омар Хайям | ||
| 700 | 0 |
_4070 _7ca _8rus _aОмар Хайям _f1048-1131 _9114798 _3RU\NLR\AUTH\774823 |
|
| 702 | 1 |
_4730 _7ca _8rus _aПлисецкий _bГ. Б. _cпоэт, переводчик _f1931-1992 _gГерман Борисович _967460 _3RU\NLR\AUTH\7784532 |
|
| 801 | 0 |
_aRU _bNLR _c20090114 _gRCR |
|
| 801 | 1 |
_aRU _bNLR _c20090114 |
|
| 830 | _aпер. по ЭК | ||
| 942 | _cBOOK | ||
| 980 | _aNB | ||